=LDR 00000nam 2200000 4500 =001 INLIS000000000046668 =005 20150420101249.0 =006 =007 =008 =035 ##$$0010-041500000000150 =082 ##$$a 297.129 =090 ##$$a 297.129 war o =100 ##$$a warno hamid =245 ##$$a orang-orang alim dalam lintasan cerita =260 ##$$a insan cendekia =300 ##$$a 102 hlm. =850 ##$$a NPBMAT =990 ##$$a 0001/BPAP-NTB/20142015